000 00664cam a2200193 i 4500
005 20251108170041.0
008 250721s2002 jo gr 000 0 ara d
020 _a9957072714
082 1 4 _a153.12
_bع ب د
100 1 _aعبد الله، محمد قاسم
_eمؤلف.
245 1 0 _aسيكولوجية الذاكرة :
_bقضايا نفسية ومرضيةوقانوية واجتماعية /
250 _aالطبعة الاولى.
264 3 1 _aعمان :
_bدار الفكر،
_c2002.
300 _a256 صفحة.
650 1 7 _aعلم النفس الفسيولوجي.
650 1 7 _aالذاكرة.
942 _2ddc
_cBK
999 _c38430
_d38430